| 000 | 00450nam a22001697a 4500 | ||
|---|---|---|---|
| 003 | OSt | ||
| 005 | 20211022094749.0 | ||
| 008 | 211022b |||||||| |||| 00| 0 eng d | ||
| 020 | _a0-333-46850-3 | ||
| 040 | _cHawassa University | ||
| 050 |
_a634/RIC _b9 |
||
| 082 |
_a634/RIC _b9 |
||
| 100 |
_aRice R.P. _915005 |
||
| 245 | _aFruit and vegetable production in warm climates | ||
| 260 |
_aHong Kong _bMacmillan Press _c1987 |
||
| 942 |
_2ddc _cBOOKS _n0 |
||
| 999 |
_c14291 _d14291 |
||